| 000 | 00990nam a22003017a 4500 | ||
|---|---|---|---|
| 001 | 8024 | ||
| 003 | FISKH | ||
| 005 | 20250828111051.0 | ||
| 008 | 250819b cb ||||| |||| 00| 0 eng d | ||
| 020 | _a9780439877060 | ||
| 040 |
_aFISKH _beng _cFISKH _dFISKH |
||
| 050 | _aQL467 .I585 | ||
| 082 | _a595.7 | ||
| 100 |
_aRoyston, Angela _d(1945-) |
||
| 245 |
_aEye openers : _bInsects and crawly creatures / _cBy Angela Royston |
||
| 250 | _aThis edition first published in 1992 | ||
| 260 |
_aNew York : _bScholastic, _c1992 |
||
| 300 |
_a16 unnumbered pages : _bcolor illustrations ; _c22 cm |
||
| 505 | _aN | ||
| 520 | _aBrief text and photographs introduce the snail, spider, butterfly, bumblebee, grasshopper, ant, ladybug, and damselfly. | ||
| 521 | 8 |
_a550
_bLexile |
|
| 521 | 8 |
_aN
_bRaz-Plus |
|
| 650 |
_2Insects/Bugs _aYellow sticker |
||
| 650 |
_2Give-away books _aAll about insects |
||
| 700 |
_aHopkins, Dave _dillustrator |
||
| 942 |
_2ddc _cBK _n0 |
||
| 999 |
_c8024 _d8024 |
||